00505nam a2200145Ia 4500008004100000041000800041082001700049100002600066245004500092260004200137300003000179365000900209999001500218952012600233240624s9999 xx 000 0 und d aeng a658.3125 BUR aBURKHOLDER NICHOLAS C aULTIMATE PERFORMANCE MEASURING HUMAN RES c2007aNew JerseybJohn Wiley and Sons axi, : 276 : p. : cm. ; 24 cb28 c7406d7406 00104070aIMTNbIMTNcRack 26-Ad2007-11-20eBWEg49.95o658.3125 BURp7406r2024-06-24 00:00:00t39.08w2024-06-24yBK